Abnormal psychology / (Record no. 96004)

MARC details
000 -LEADER
fixed length control field 01299nam a22003377a 4500
005 - DATE AND TIME OF LATEST TRANSACTION
control field 20180301112236.0
010 ## - LCCN (DPL NO)
LC control number 1516EN07 ENG-114941 B-663846
020 ## - INTERNATIONAL STANDARD BOOK NUMBER
International Standard Book Number 9789332518988
Terms of availability 750.00
020 ## - INTERNATIONAL STANDARD BOOK NUMBER
International Standard Book Number 9789332579408
Terms of availability 779.00
035 ## - SYSTEM CONTROL NUMBER
System control number EN-98473
035 ## - SYSTEM CONTROL NUMBER
System control number B-610883-899
035 ## - SYSTEM CONTROL NUMBER
System control number B-663846
037 ## - SOURCE OF ACQUISITION
Stock number DPL
Source of stock number/acquisition UBH/Ven
037 ## - SOURCE OF ACQUISITION
Source of stock number/acquisition DBAD/PUB
037 ## - SOURCE OF ACQUISITION
Source of stock number/acquisition Bookwell
082 ## - DEWEY DECIMAL CLASSIFICATION NUMBER
Classification number 616.89
100 ## - MAIN ENTRY--PERSONAL NAME
Personal name Butcher,James N.
245 ## - TITLE STATEMENT
Title Abnormal psychology /
Statement of responsibility, etc by James N.Butcher,Susan M. Mineka [and] Jill M.Hooley
250 ## - EDITION STATEMENT
Edition statement 15th ed, 16tH ed(/AV)
260 ## - PUBLICATION, DISTRIBUTION, ETC. (IMPRINT)
Place of publication, distribution, etc New Delhi
Name of publisher, distributor, etc Pearson Education
Date of publication, distribution, etc 2015
-- 2017(AV)
270 ## - ADDRESS
Address 11 Community Center, Panchsheel Park
City New Delhi
Postal code 110017
300 ## - PHYSICAL DESCRIPTION
Extent 732p.:
Dimensions 28cm(pbk)
Other physical details ill.
500 ## - GENERAL NOTE
General note Includes index
650 ## - SUBJECT ADDED ENTRY--TOPICAL TERM
Topical term or geographic name as entry element Psychology, Pathological
Form subdivision Textbooks.
650 ## - SUBJECT ADDED ENTRY--TOPICAL TERM
Topical term or geographic name as entry element Psychiatry
Form subdivision Textbooks.
700 ## - ADDED ENTRY--PERSONAL NAME
Personal name Mineka, Susan M.
700 ## - ADDED ENTRY--PERSONAL NAME
Personal name Hooley, Jill M.
942 ## - ADDED ENTRY ELEMENTS (KOHA)
Source of classification or shelving scheme Dewey Decimal Classification
Item type English Books
Call number suffix BUT
Classification part 616.89
Holdings
Withdrawn status Lost status Not for loan Collection code Home library Current library Date acquired Source of acquisition Cost, normal purchase price Full call number Barcode Copy number Cost, replacement price Koha item type
      Non-fiction Andrews Gunj Andrews Gunj 25/04/2016 082/1.10.2015/145/16.9.2015/28.10.2015 750.00 616.89 BUT B-610893 1 750.00 English Books
      Non-fiction Ashok Vihar Ashok Vihar 01/03/2018 Bookwell-BL 1032/25.2.17/443/15.2.17/1.3.17 779.00 616.89 BUT B-663846 1 779.00 English Books
      Non-fiction Bawana Bawana 25/04/2016 082/1.10.2015/145/16.9.2015/28.10.2015 750.00 616.89 BUT B-610897 1 750.00 English Books
      Non-fiction Bawana Bawana 25/04/2016 082/1.10.2015/145/16.9.2015/28.10.2015 750.00 616.89 BUT B-610899 1 750.00 English Books
      Non-fiction Central Library Central Library 25/04/2016 082/1.10.2015/145/16.9.2015/28.10.2015 750.00 616.89 BUT B-610883 2 750.00 English Books
    Not For Loan Reference Central Library Central Library 25/04/2016 082/1.10.2015/145/16.9.2015/28.10.2015 750.00 616.89 BUT B-610885 1 750.00 English Books
    Not For Loan Non-fiction D.B.Act.Division D.B.Act.Division 17/02/2016 DBAD/PUB 750.00 616.89 BUT EN-98473 1 750.00 English Books
      Non-fiction Janak Puri Janak Puri 25/04/2016 082/1.10.2015/145/16.9.2015/28.10.2015 750.00 616.89 BUT B-610890 1 750.00 English Books
      Non-fiction Kasturba Gandhi Marg Kasturba Gandhi Marg 25/04/2016 082/1.10.2015/145/16.9.2015/28.10.2015 750.00 616.89 BUT B-610887 1 750.00 English Books
      Non-fiction Narela Narela 25/04/2016 082/1.10.2015/145/16.9.2015/28.10.2015 750.00 616.89 BUT B-610898 1 750.00 English Books
      Non-fiction Patel Nagar Patel Nagar 25/04/2016 082/1.10.2015/145/16.9.2015/28.10.2015 750.00 616.89 BUT B-610886 1 750.00 English Books
      Non-fiction Peshwa Road Peshwa Road 25/04/2016 082/1.10.2015/145/16.9.2015/28.10.2015 750.00 616.89 BUT B-610888 1 750.00 English Books
      Non-fiction Qila Rai Pithora Qila Rai Pithora 25/04/2016 082/1.10.2015/145/16.9.2015/28.10.2015 750.00 616.89 BUT B-610895 1 750.00 English Books
      Non-fiction R.K.Puram-8 R.K.Puram-8 25/04/2016 082/1.10.2015/145/16.9.2015/28.10.2015 750.00 616.89 BUT B-610892 1 750.00 English Books
      Non-fiction Sarojini Nagar Sarojini Nagar 25/04/2016 082/1.10.2015/145/16.9.2015/28.10.2015 750.00 616.89 BUT B-610891 1 750.00 English Books
      Non-fiction Sarojini Nagar Sarojini Nagar 25/04/2016 082/1.10.2015/145/16.9.2015/28.10.2015 750.00 616.89 BUT B-610894 1 750.00 English Books
      Non-fiction Shahdara Branch Shahdara Branch 25/04/2016 082/1.10.2015/145/16.9.2015/28.10.2015 750.00 616.89 BUT B-610884 2 750.00 English Books
      Non-fiction Tri Nagar Tri Nagar 25/04/2016 082/1.10.2015/145/16.9.2015/28.10.2015 750.00 616.89 BUT B-610889 1 750.00 English Books
      Non-fiction Vinoba Puri Vinoba Puri 25/04/2016 082/1.10.2015/145/16.9.2015/28.10.2015 750.00 616.89 BUT B-610896 1 750.00 English Books

© Delhi Public Library
Hit Counter
free hit counter